|
|
|
|
| LEADER |
00000nam0a2200000 4500 |
| 001 |
365955 |
| 005 |
20231102011832.0 |
| 035 |
|
|
|a (RuTPU)RU\TPU\retro\23318
|
| 090 |
|
|
|a 365955
|
| 100 |
|
|
|a 20220126d1971 em y0rusy5003 ca
|
| 101 |
0 |
|
|a rus
|
| 102 |
|
|
|a RU
|
| 105 |
|
|
|a a z 000zy
|
| 200 |
1 |
|
|a Пряник, прялка и птица Сирин
|e [сборник статей]
|f С. К. Жегалова, С. Г. Жижина, З. П. Попова, Ю. С. Черняховская
|
| 210 |
|
|
|a Москва
|c Просвещение
|d 1971
|
| 215 |
|
|
|a 230 с.
|c ил., цв. ил.
|
| 606 |
1 |
|
|a Русское народное искусство
|x История
|2 stltpush
|3 (RuTPU)RU\TPU\subj\73444
|9 86445
|
| 610 |
1 |
|
|a деревянные изделия
|
| 610 |
1 |
|
|a Россия
|
| 610 |
1 |
|
|a сельскохозяйственные предметы
|
| 610 |
1 |
|
|a домашняя утварь
|
| 610 |
1 |
|
|a транспортные средства
|
| 610 |
1 |
|
|a художественные особенности
|
| 675 |
|
|
|a 7.031.2
|z rus
|v 4
|
| 701 |
|
1 |
|a Жегалова
|b С. К.
|g Серафима Кузьминична
|
| 701 |
|
1 |
|a Жижина
|b С. Г.
|g Светлана Григорьевна
|
| 701 |
|
1 |
|a Попова
|b З. П.
|g Зоя Прокофьевна
|
| 701 |
|
1 |
|a Черняховская
|b Ю. С.
|g Юлия Серафимовна
|
| 801 |
|
0 |
|a RU
|b RuMRKP
|c 19950704
|g psbo
|
| 801 |
|
1 |
|a RU
|b 63413507
|c 20220126
|
| 801 |
|
2 |
|a RU
|b 63413507
|c 20230221
|g RCR
|
| 942 |
|
|
|c BK
|